Logical network model with predicate operations; Молодежь и современные информационные технологии; Т. 2

Xehetasun bibliografikoak
Parent link:Молодежь и современные информационные технологии: сборник трудов XII Всероссийской научно-практической конференции студентов, аспирантов и молодых ученых, г. Томск, 12-14 ноября 2014 г./ Национальный исследовательский Томский политехнический университет (ТПУ), Институт кибернетики (ИК) ; ред. кол. Е. А. Сикора [и др.].— , 2014
Т. 2.— 2014.— [С. 16-17]
Erakunde egilea: Национальный исследовательский Томский политехнический университет (ТПУ) Институт кибернетики (ИК) Кафедра вычислительной техники (ВТ)
Beste egile batzuk: Rudometkina M. N., Bolotova Yu. A. Yuliya Aleksandrovna, Kondratenko V. A., Spitsyn V. G. Vladimir Grigorievich
Gaia:Заглавие с титульного экрана
Hizkuntza:ingelesa
Argitaratua: 2014
Saila:Информационные технологии в производстве и управлении
Gaiak:
Sarrera elektronikoa:http://earchive.tpu.ru/handle/11683/20201
http://www.lib.tpu.ru/fulltext/c/2014/C04/V2/002.pdf
Formatua: MixedMaterials Baliabide elektronikoa Liburu kapitulua
KOHA link:https://koha.lib.tpu.ru/cgi-bin/koha/opac-detail.pl?biblionumber=610731

MARC

LEADER 00000naa2a2200000 4500
001 610731
005 20240209105543.0
035 |a (RuTPU)RU\TPU\conf\8364 
035 |a RU\TPU\conf\8363 
090 |a 610731 
100 |a 20150204d2014 k y0rusy50 ba 
101 0 |a eng 
102 |a RU 
105 |a y z 101zy 
135 |a drgn ---uucaa 
181 0 |a i  
182 0 |a b 
200 1 |a Logical network model with predicate operations  |f M. N. Rudometkina, Yu. A. Bolotova, V. A. Kondratenko, V. G. Spitsyn 
203 |a Текст  |c электронный 
225 1 |a Информационные технологии в производстве и управлении 
300 |a Заглавие с титульного экрана 
320 |a [Библиогр.: с. 17 (6 назв.)] 
337 |a Adobe Reader 
461 1 |0 (RuTPU)RU\TPU\conf\7802  |t Молодежь и современные информационные технологии  |o сборник трудов XII Всероссийской научно-практической конференции студентов, аспирантов и молодых ученых, г. Томск, 12-14 ноября 2014 г.  |o в 2 т.  |f Национальный исследовательский Томский политехнический университет (ТПУ), Институт кибернетики (ИК) ; ред. кол. Е. А. Сикора [и др.]  |d 2014 
463 0 |0 (RuTPU)RU\TPU\conf\7813  |t Т. 2  |v [С. 16-17]  |d 2014 
610 1 |a труды учёных ТПУ 
610 1 |a электронный ресурс 
610 1 |a логические модели 
610 1 |a предикатные операции 
610 1 |a предикаты 
610 1 |a искусственный интеллект 
610 1 |a логические сети 
701 1 |a Rudometkina  |b M. N. 
701 1 |a Bolotova  |b Yu. A.  |c Specialist in the field of informatics and computer technology  |c Associate Professor of Tomsk Polytechnic University, Candidate of technical sciences  |f 1986-  |g Yuliya Aleksandrovna  |3 (RuTPU)RU\TPU\pers\33458  |9 17139 
701 1 |a Kondratenko  |b V. A. 
701 1 |a Spitsyn  |b V. G.  |c specialist in the field of informatics and computer technology  |c Professor of Tomsk Polytechnic University, Doctor of technical sciences  |f 1948-  |g Vladimir Grigorievich  |3 (RuTPU)RU\TPU\pers\33492  |9 17160 
712 0 2 |a Национальный исследовательский Томский политехнический университет (ТПУ)  |b Институт кибернетики (ИК)  |b Кафедра вычислительной техники (ВТ)  |3 (RuTPU)RU\TPU\col\18699 
801 2 |a RU  |b 63413507  |c 20210323  |g RCR 
856 4 |u http://earchive.tpu.ru/handle/11683/20201 
856 4 |u http://www.lib.tpu.ru/fulltext/c/2014/C04/V2/002.pdf 
942 |c BK